| 000 | 003780000a22001210004500 | ||
|---|---|---|---|
| 100 | 1 | _aGreen, Guillermo | |
| 245 | 1 | 0 | _aCuando La Fatiga Asedia Al Predicador - 2 |
| 300 | _aVol.9, núm.1 (2007), Páginas 43-54 | ||
| 520 | _aEl autor presenta posibles razones para el agotamiento del predicador. | ||
| 650 | 1 | 4 | _aMINISTERIO-AGOTAMIENTO |
| 773 | 0 | _tReforma Siglo 21 | |
| 942 | _cANA | ||
| 999 |
_c62635 _d62635 |
||